01273nam a2200241Ia 4500001000600000003000900006008004100015040001300056040001300069041001300082100002100095100002900116245005300145245005300198250001100251260001200262260001100274260004900285300005500334500057500389650003600964650003101000H5728IT-RoPAU130308s9999 xx 000 0 und d aIT-RoPAU cIT-RoPAU aITALIANO aGiannì Eugenio gCodice Aut. SPICS: 8776 aPercezione e comunicazione dal reale al virtuale bPercezione e Comunicazione dal Reale al Virtuale a1a ed. aPERUGIA bGuerra c2005 [1° Ed.:2005 - Ed.Ling.Originale:2005] a"88 p. (prefazione: no ; testo: 88 [pagine: 0-0])" a"Introduzione. Percezione, registrazione di Segni. Comunicazione. Fattori di Distorsione. riduzione delle Distorsioni. Ii Figurazione: Processo Costruttivo; Figurazione; Sistema di Informazione; rappresentazione visiva Planare; Fattore di Ansietà. III immagine Et Coscienza: Fenomeni di Ambiguita'; Illusioni Ottiche; Risposta Neuronale; Oltre L'Informazione. Iv Reale Et Virtuale: Note Sulla Realtà Virtuale; Origine dei sistemi Virtuali; del Virtuale; Reale e Virtuale; Comunicazione Attraverso Computer; virtuale e Arte;Illusione a 3D. Postfazione. Bibliografia." aTEORIA/LINGUAGGI DI ESTETOLOGIA eCodice materia Spics: 5103